El origen de la tierra
Sparad:
| Huvudupphovsman: | |
|---|---|
| Materialtyp: | Bok |
| Språk: | spanska |
| Publicerad: |
Buenos Aires
Hachette
1954
|
| Serie: | Saber
|
| Ämnen: | |
| Taggar: |
Lägg till en tagg
Inga taggar, Lägg till första taggen!
|
MARC
| LEADER | 00000nam a2200000 a 4500 | ||
|---|---|---|---|
| 001 | UCT3013 | ||
| 003 | CL-VaPUC | ||
| 008 | 961018e19540000AG |||||||||||||||||spa|d | ||
| 082 | 0 | 4 | |a 523.1 |b SMA |2 21 |
| 100 | 0 | |a Smart, W. M |e author |9 372016 | |
| 245 | 1 | 3 | |a El origen de la tierra |
| 300 | |a 238 p | ||
| 942 | |c BK | ||
| 945 | |d 19961018 00:00:00 |a cmena | ||
| 260 | |a Buenos Aires |b Hachette |c 1954 | ||
| 650 | 7 | |a TIERRA |2 CL-VaPUC |9 261538 | |
| 650 | 7 | |a PLANETAS |2 CL-VaPUC |9 352277 | |
| 650 | 0 | |a Universo |9 266563 | |
| 650 | 7 | |a CUERPOS CELESTES |2 CL-VaPUC |9 310384 | |
| 650 | 7 | |a SISTEMA SOLAR |2 CL-VaPUC |9 268650 | |
| 650 | 0 | |a Teorías científicas |9 316549 | |
| 650 | 7 | |a EXPLICACION CIENTIFICA |2 CL-VaPUC |9 372017 | |
| 583 | |a last modification |c 19961018 00:00:00 |k Rodrigo Vera | ||
| 490 | 0 | |a Saber | |
| 999 | |c 252864 |d 252862 | ||
| 952 | |0 0 |1 0 |4 0 |6 523_100000000000000_SMA_1954 |7 0 |8 A |9 272989 |a BIBCUR |b BIBCUR |d 2019-11-19 |i 1768476 |o 523.1 SMA 1954 |p 1768476 |r 2025-04-22 |w 2019-11-19 |y BK |k BCB | ||